Hity disco polo - Statystyki

Ogólne statystyki
  • Ten quiz został rozwiązany 73 razy
  • Średni wynik to 13 z 22
Statystyki odpowiedzi
Tekst % Poprawnych
Ale, Ale, {Aleksandra}
89%
Ja, uwielbiam ją, ona tu jest i {tańczy dla mnie}
89%
Przez twe {oczy}, twe {oczy zielone}, oszalałem!
89%
Wręczę ci {mandacik} za przekroczenie piękności
87%
{Ruda tańczy jak szalona}, krzyczy, piszczy, to jest ona!
75%
Będzie, {będzie zabawa}, będzie się działo
74%
{Halo tu Londyn}, ona blondi ja blondyn
70%
Jej piękne {czarne oczy}, śnią się {czarne oczy}, ich nie przeoczysz
69%
{Rapapara, rapapara}, miała ryja jak kopara!
69%
Gdy ciało swe wygina, {miód malina}
66%
{Miłośc w Zakopanem}, polewamy się szampanem!
64%
{Ona lubi pomarańcze}, lubi kiedy nago tańczę
62%
W Dubaju w hotelu, na swoim weselu, {będę pijana}!
62%
{Mama, mama, mama ostrzegała} będziesz sama wianki swoje zaplatała
59%
A ty {tańcz tańcz tańcz} kiedy inni {tańczą}
49%
{Temperatura}, jest pijana no i buja się po klubach
49%
{Ona czuje we mnie piniądz}, wystroiła się jak Beyonce
48%
{Los przekorny} znowu miłość da; parapaparapapa
31%
{Wyglądasz idealnie}, gdy tańczysz tylko dla mnie
30%
{Ona by tak chciała} być tu ze mną
26%
{Jeszcze raz}, zatańczymy jak za dawnych lat
16%
Żeglarz szuka portu, {cudowronek} chce zatańczyć
2%
Nie znaleziono quizów pasujących do podanych kryteriów
Rozkład punktacji
Procent ludzi z każdym wynikiem
Percentyl według liczby udzielonych odpowiedzi
Twoja historia wyników
Nie rozwiązałeś tego quizu